Short story index (1950-1954)

Đã lưu trong:
Bibliografiske detaljer
Format: Bog
Sprog:Undetermined
Udgivet: New York H. W. Wilsen 1956
Fag:
Tags: Tilføj Tag
Ingen Tags, Vær først til at tagge denne postø!
Thư viện lưu trữ: Trung tâm Học liệu Trường Đại học Cần Thơ
LEADER 00417nam a2200157Ia 4500
001 CTU_25465
008 210402s9999 xx 000 0 und d
082 |a 016.808 
082 |b S559 
245 0 |a Short story index (1950-1954) 
260 |a New York 
260 |b H. W. Wilsen 
260 |c 1956 
650 |a indexes,short stories 
904 |i Minh, 980926 
980 |a Trung tâm Học liệu Trường Đại học Cần Thơ